00600 a2200169 4500020001500000040001300015082000800028100002000036245003800056260005800094300004000152500001900192650004000211942002100251999001500272952014300287 a997151396X aDLCbDLC a515 aApostol, Tom M. a Calculus, Vol.1c Tom M, Apostol aSigapore:bJ. Wiley & Sons (Asia) Pte. Ltd.,c c2003. avol,1.xx, 666 p. :bill. ;c 24 cm. aIncludes Index a1.Mathematical analysis.2.Calculus. cBKk515 APO2ddc c7505d7505 001040708NFICaCLbCLcGENd2005-11-16eAllied Book Companyg442.17l9m7o515 APOpSEECS006675r2025-12-03s2025-11-21w2017-01-05yBK